Statistics for Countries of the Turkic Council

Click here to take the quiz!

General Stats

  • This quiz has been taken 40 times
  • The average score is 6 of 8

Answers on the Map

Answers color-coded by a green-red scale on the quiz's map according to % correct below.
 

Answer Stats

Answer% Correct
Türkiye
100%
Azerbaijan
97%
Kazakhstan
97%
Kyrgyzstan
97%
Turkmenistan
97%
Uzbekistan
97%
Hungary
35%
Northern Cyprus
26%

Score Distribution

Percentile by Number Answered

Percent of People with Each Score

Your Score History

You have not taken this quiz